[Event "12th American Continental"]
[Site "Medellin COL"]
[Date "2017.06.11"]
[Round "2.58"]
[White "Alzate, Dario"]
[Black "Obando Guzman, Soren Federico"]
[Result "1/2-1/2"]
[WhiteElo "2362"]
[BlackElo "1964"]
[EventDate "2017.06.10"]
[PlyCount "118"]

1.d4 Nf6 2.c4 b6 3.Nc3 Bb7 4.d5 e6 5.e4 exd5 6.exd5 Bb4 7.Qe2+ Qe7 8.Bd2 
c6 9.O-O-O Qxe2 10.Bxe2 Na6 11.Bf3 O-O-O 12.Nge2 Nc7 13.Bg5 Nce8 14.Nd4 
cxd5 15.Nxd5 Bxd5 16.Bxd5 h6 17.Nc2 Bc5 18.Be3 Nxd5 19.Bxc5 Nc3 20.Be7 
Nxd1 21.Rxd1 Nc7 22.Bxd8 Rxd8 23.Ne3 g6 24.Ng4 Re8 25.Nxh6 Rh8 26.Nxf7 
Rxh2 27.Ne5 Rxg2 28.f3 Rg5 29.f4 Rf5 30.Nxg6 Rf6 31.f5 Ne8 32.b3 Ng7 33.
Nh4 Rh6 34.Rd4 Kd8 35.Rg4 Ke8 36.Rxg7 Rxh4 37.Kb2 Rh5 38.f6 Rf5 39.Rg8+ 
Kf7 40.Rd8 Ke6 41.Ra8 Rxf6 42.Rxa7 Kd6 43.Kc3 Kc6 44.Kb4 Rf4 45.a4 d5 46.
a5 dxc4 47.bxc4 bxa5+ 48.Rxa5 Rg4 49.Ra6+ Kb7 50.Rh6 Rf4 51.Kb5 Rf5+ 52.c5
Rf7 53.Rg6 Kc7 54.Ra6 Rf1 55.Ra7+ Kb8 56.Rg7 Rf6 57.Rd7 Kc8 58.Re7 Rg6 59.
Ra7 Rh6 1/2-1/2

[Event "12th American Continental"]
[Site "Medellin COL"]
[Date "2017.06.11"]
[Round "2.59"]
[White "Arboleda Orozco, Juan Manuel"]
[Black "Baules, Jorge"]
[Result "1/2-1/2"]
[WhiteElo "1927"]
[BlackElo "2355"]
[EventDate "2017.06.10"]
[PlyCount "81"]

1.e4 c6 2.Nf3 d5 3.Nc3 Bg4 4.h3 Bxf3 5.Qxf3 e6 6.d3 Nd7 7.g4 Bb4 8.Bd2 Ne7
9.Bg2 Ng6 10.O-O-O d4 11.Ne2 Bxd2+ 12.Rxd2 e5 13.Kb1 c5 14.Rdd1 b5 15.Qg3 
Qh4 16.Qf3 Qe7 17.Qg3 c4 18.c3 cxd3 19.Qxd3 dxc3 20.Nxc3 Nf4 21.Qxb5 Nxg2 
22.Qc6 O-O 23.Rxd7 Qh4 24.Rhd1 Rab8 25.Qc7 Rfc8 26.Qxa7 Ra8 27.Qb7 Rcb8 
28.Qc7 Rc8 29.Qxe5 Qxf2 30.R7d2 Qf3 31.Qf5 Rxc3 32.Qxf3 Rxf3 33.Rxg2 Rxh3 
34.Rd7 Rh1+ 35.Kc2 Re1 36.Kd3 Rd1+ 37.Rd2 Rg1 38.b4 Rxg4 39.b5 f5 40.exf5 
Rb4 41.Rg2 1/2-1/2

[Event "12th American Continental"]
[Site "Medellin COL"]
[Date "2017.06.11"]
[Round "2.68"]
[White "Serrato, Rafael Antonio"]
[Black "Markzon, Gregory"]
[Result "0-1"]
[WhiteElo "1836"]
[BlackElo "2222"]
[EventDate "2017.06.10"]
[PlyCount "70"]

1.d4 Nf6 2.Nf3 g6 3.Bf4 Bg7 4.Nbd2 d6 5.e4 O-O 6.Bd3 Nfd7 7.Bg5 Qe8 8.c3 
e5 9.Qc2 exd4 10.cxd4 Nc6 11.Be3 Nb4 12.Qb3 Nxd3+ 13.Qxd3 Nf6 14.h3 Bd7 
15.O-O Bb5 16.Qc2 Bxf1 17.Rxf1 Qd7 18.Re1 Rfe8 19.Bg5 h6 20.Bh4 Nh5 21.Nf1
Rac8 22.Ne3 Qe6 23.Nd5 c6 24.Nc3 b5 25.a3 a5 26.e5 g5 27.exd6 Qxd6 28.
Rxe8+ Rxe8 29.Qf5 Qe6 30.Qg4 Qxg4 31.hxg4 Nf6 32.Bg3 Nxg4 33.Bd6 Bxd4 34.
g3 Bxf2+ 35.Kg2 Bb6 0-1

[Event "12th American Continental"]
[Site "Medellin COL"]
[Date "2017.06.11"]
[Round "2.71"]
[White "Giraldo, Leonardo Emilio"]
[Black "Estrada Nieto, Julian"]
[Result "0-1"]
[WhiteElo "1912"]
[BlackElo "2263"]
[EventDate "2017.06.10"]
[PlyCount "112"]

1.Nf3 d5 2.c4 dxc4 3.e3 Nf6 4.Bxc4 e6 5.O-O c5 6.d4 a6 7.a4 Nc6 8.Nc3 Be7 
9.dxc5 Qc7 10.Qe2 Bxc5 11.Rd1 O-O 12.h3 b6 13.e4 Nh5 14.Be3 Nf4 15.Qd2 
Bxe3 16.fxe3 Ng6 17.Qf2 Bb7 18.Rac1 Rfd8 19.Rf1 Nce5 20.Be2 Rac8 21.Nd4 
Qe7 22.Rfd1 h6 23.Rd2 Bxe4 24.Bxa6 Bb7 25.Bf1 Qg5 26.Kh2 Nh4 27.Rcd1 Rxd4 
28.Rxd4 Nef3+ 29.Kh1 Nxd4 30.Rxd4 Nf5 31.Rd7 Bc6 32.Rd3 Ng3+ 33.Kh2 Nxf1+ 
34.Qxf1 Rd8 35.Rxd8+ Qxd8 36.Qc4 Qd6+ 37.Kg1 f5 38.Qf4 Qd2 39.Qf2 Qd8 40.
Qf4 Qd2 41.Qf2 Qd8 42.Qe2 Qa8 43.b3 Kf7 44.Qd2 Qa5 45.Qd4 Qa8 46.Qd2 g5 
47.Qe2 Qa5 48.Qc4 Qa8 49.Qe2 Kf6 50.Qh5 Qf8 51.Qd1 e5 52.Qd2 Ke6 53.Nb1 
Qc5 54.Qc3 Qd5 55.Qc2 h5 56.g4 h4 0-1

[Event "12th American Continental"]
[Site "Medellin COL"]
[Date "2017.06.11"]
[Round "2.73"]
[White "Remicio Duque, John"]
[Black "Martinez Murcia, John Alexander"]
[Result "0-1"]
[WhiteElo "2110"]
[BlackElo "1912"]
[EventDate "2017.06.10"]
[PlyCount "114"]

1.e4 c5 2.Nf3 Nc6 3.c3 d5 4.exd5 Qxd5 5.d4 Bg4 6.Be2 cxd4 7.cxd4 e6 8.Nc3 
Qd7 9.O-O Nf6 10.Re1 Be7 11.h3 Bh5 12.Bg5 Bxf3 13.Bxf3 O-O 14.d5 exd5 15.
Bxf6 Bxf6 16.Nxd5 Qf5 17.Be4 Qg5 18.Qf3 Bxb2 19.Rab1 Bd4 20.Rxb7 Rad8 21.
Ne3 Ne5 22.Qf5 Qxf5 23.Nxf5 Bc5 24.Ne7+ Kh8 25.Bxh7 Kxh7 26.Rxe5 Rd1+ 27.
Kh2 Bd6 28.f4 Bxe5 29.fxe5 Ra8 30.Nc6 Kg8 31.Nxa7 Re1 32.a3 Rxe5 33.Nb5 
Kf8 34.h4 Re3 35.Nd6 Re7 36.Rb3 Rea7 37.Rf3 f6 38.Nb5 Ra4 39.g3 Rb8 40.Nc7
Rb2+ 41.Kh3 Ra2 42.Nb5 Ra5 43.Rb3 Rd2 44.Nc3 Rd3 45.Rb8+ Kf7 46.Rb7+ Kg6 
47.Nb1 Re3 48.Rb2 Rd5 49.Rg2 Re1 50.Rb2 Rg1 51.a4 Rd3 52.a5 Rgxg3+ 53.Kh2 
Rg4 54.Ra2 Kh5 55.a6 Kxh4 56.Ra3 Rxa3 57.Nxa3 Ra4 0-1

[Event "12th American Continental"]
[Site "Medellin COL"]
[Date "2017.06.11"]
[Round "2.74"]
[White "Holliman, Bob"]
[Black "Zapata Cuartas, Juan Carlos"]
[Result "1-0"]
[WhiteElo "1898"]
[BlackElo "2110"]
[EventDate "2017.06.10"]
[PlyCount "56"]

1.d4 Nf6 2.Nf3 e6 3.Bf4 d5 4.e3 Be7 5.h3 O-O 6.Be2 c5 7.c3 Nc6 8.Nbd2 b6 
9.O-O Bb7 10.Ne5 Nxe5 11.Bxe5 Nd7 12.Bh2 Re8 13.Nf3 a6 14.a4 Bf8 15.Bd3 g6
16.Ne5 f6 17.Nxd7 Qxd7 18.Qg4 Rad8 19.Qf4 Qf7 20.Qc7 c4 21.Bc2 e5 22.Qxb6 
Rd6 23.Qa5 Qe6 24.b4 Ra8 25.dxe5 fxe5 26.Qc7 Bc8 27.f4 Be7 28.fxe5 Rc6 1-0

[Event "12th American Continental"]
[Site "Medellin COL"]
[Date "2017.06.11"]
[Round "2.75"]
[White "Ramirez Gonzalez, Mauricio"]
[Black "Echavarria, Gustavo"]
[Result "1-0"]
[WhiteElo "2108"]
[BlackElo "1902"]
[EventDate "2017.06.10"]
[PlyCount "73"]

1.Nf3 d5 2.c4 c6 3.Qc2 Nf6 4.b3 g6 5.Bb2 Bf5 6.d3 Bg7 7.Nbd2 O-O 8.h3 Na6 
9.a3 Re8 10.e4 Be6 11.Be2 Nc7 12.Rc1 Rc8 13.Be5 Na6 14.Ng5 h6 15.Nxe6 fxe6
16.O-O Rf8 17.d4 g5 18.c5 Nc7 19.Bxc7 Rxc7 20.e5 Nd7 21.Qg6 Rf4 22.Qd3 Qe8
23.g3 Rf8 24.Bg4 b6 25.Bxe6+ Kh8 26.cxb6 axb6 27.Bxd5 Qd8 28.Be4 c5 29.e6 
Nf6 30.d5 Nxe4 31.Qxe4 Bb2 32.Rc2 Bxa3 33.Nc4 Bb4 34.Ne5 Rf6 35.Nf7+ Rxf7 
36.exf7 Qf8 37.Qe5+ 1-0

[Event "12th American Continental"]
[Site "Medellin COL"]
[Date "2017.06.11"]
[Round "2.76"]
[White "Guerrero Avila, Hernando"]
[Black "Aponte Castillo, Ernesto"]
[Result "0-1"]
[WhiteElo "1893"]
[BlackElo "2108"]
[EventDate "2017.06.10"]
[PlyCount "93"]

1.e4 Nf6 2.Nc3 d5 3.exd5 Nxd5 4.Nxd5 Qxd5 5.Qf3 c6 6.Qxd5 cxd5 7.d4 Nc6 8.
c3 Bf5 9.Nf3 e6 10.Be2 Bd6 11.O-O h6 12.Re1 O-O 13.Be3 a6 14.Rad1 Rfc8 15.
Nh4 Bh7 16.f4 Na5 17.Nf3 Nc4 18.Bxc4 Rxc4 19.Re2 b5 20.a3 a5 21.Nd2 Rc6 
22.Nb3 b4 23.axb4 axb4 24.Nc5 Rb6 25.Rc1 Ra2 26.Kf2 b3 27.Rce1 Bc2 28.Bc1 
Bxc5 29.dxc5 Rc6 30.g3 Rxc5 31.Rd2 g6 32.Rd4 Kg7 33.Ke3 f5 34.Kd2 Kf6 35.
Rb4 Rc6 36.Rb8 g5 37.Rf8+ Kg6 38.Re8 Kf7 39.Rh8 Kg7 40.Re8 Kf6 41.Rf8+ Kg6
42.Re8 Kf7 43.Rh8 d4 44.cxd4 Be4 45.fxg5 hxg5 46.Re3 Rc2+ 47.Kd1 0-1

[Event "12th American Continental"]
[Site "Medellin COL"]
[Date "2017.06.11"]
[Round "2.77"]
[White "Chirivi Castiblanco, Angie Lizeth"]
[Black "Cadavid Osorio, Juan Miguel"]
[Result "0-1"]
[WhiteElo "2105"]
[BlackElo "1894"]
[EventDate "2017.06.10"]
[PlyCount "78"]

1.Nf3 d5 2.b3 Nf6 3.Bb2 c5 4.e3 e6 5.d4 Nc6 6.a3 Bd6 7.Bd3 O-O 8.O-O b6 9.
Nbd2 Bb7 10.Ne5 a5 11.f4 a4 12.Rf3 axb3 13.cxb3 Qe7 14.Rh3 g6 15.a4 Nb4 
16.Bb1 cxd4 17.Bxd4 Bc5 18.Bb2 Rfd8 19.Ndf3 Bxe3+ 20.Kh1 Ne4 21.Ng4 f5 22.
Nfe5 fxg4 23.Nxg4 d4 24.Qe1 Rac8 25.Rxe3 dxe3 26.Bxe4 Bxe4 27.Nf6+ Kf7 28.
Nxe4 Nc2 29.Qg3 Nxa1 30.h4 Rd1+ 31.Kh2 e2 32.Ng5+ Kg8 33.Nf3 Nc2 34.h5 Ne3
35.Qh3 Nf1+ 36.Kg1 Qc5+ 37.Bd4 Qxd4+ 38.Nxd4 Ng3+ 39.Kf2 e1=Q+ 0-1

[Event "12th American Continental"]
[Site "Medellin COL"]
[Date "2017.06.11"]
[Round "2.78"]
[White "Croes, Octavio"]
[Black "Arango, Andres Mauricio"]
[Result "0-1"]
[WhiteElo "1888"]
[BlackElo "2103"]
[EventDate "2017.06.10"]
[PlyCount "58"]

1.d4 d5 2.c4 c6 3.cxd5 cxd5 4.Nc3 Nf6 5.f3 Bf5 6.g4 Bg6 7.Qb3 Nc6 8.g5 Nd7
9.e4 Nxd4 10.Qa4 e5 11.Nxd5 a6 12.Be3 b5 13.Qd1 Bc5 14.b4 Ba7 15.Rc1 Rc8 
16.Kf2 Rxc1 17.Qxc1 O-O 18.Bh3 f5 19.exf5 Bxf5 20.Bxf5 Rxf5 21.Qb1 e4 22.
Qxe4 Re5 23.Nf6+ gxf6 24.Qb7 Bb6 25.gxf6 Nxf6 26.Nh3 Ng4+ 27.fxg4 Qh4+ 28.
Kg1 Ne2+ 29.Kf1 Qxh3+ 0-1

[Event "12th American Continental"]
[Site "Medellin COL"]
[Date "2017.06.11"]
[Round "2.79"]
[White "Salcedo Perez, Pablo Esteban"]
[Black "Martinez Paipa, Hernan"]
[Result "1-0"]
[WhiteElo "2103"]
[BlackElo "1893"]
[EventDate "2017.06.10"]
[PlyCount "75"]

1.d4 d5 2.c4 e6 3.Nc3 Nf6 4.cxd5 exd5 5.Bg5 Be7 6.e3 O-O 7.Qc2 Nc6 8.a3 
Re8 9.Bd3 h6 10.Bh4 Be6 11.Nge2 Bd6 12.Bb5 g5 13.Bg3 Bd7 14.Bxd6 cxd6 15.
O-O Rc8 16.Bd3 Kg7 17.Ng3 Ne7 18.f3 Ng6 19.Nf5+ Bxf5 20.Bxf5 Rc7 21.Rfe1 
Nh4 22.g3 Ng6 23.Bxg6 fxg6 24.Qb3 Rce7 25.Nxd5 Nxd5 26.Qxd5 Qb6 27.e4 Rc8 
28.Rf1 Rec7 29.f4 Rc4 30.fxg5 Rxd4 31.Qf7+ Kh8 32.Qxg6 hxg5 33.Qh5+ Kg8 
34.Qxg5+ Kh7 35.Qh5+ Kg7 36.Qf7+ Kh6 37.Kh1 Rc7 38.Rf6+ 1-0

[Event "12th American Continental"]
[Site "Medellin COL"]
[Date "2017.06.11"]
[Round "2.80"]
[White "Rivera, Luis Enrique"]
[Black "Soto, Cristian Camilo"]
[Result "0-1"]
[WhiteElo "1885"]
[BlackElo "2102"]
[EventDate "2017.06.10"]
[PlyCount "118"]

1.d4 Nf6 2.Bg5 Ne4 3.Bh4 g5 4.f3 gxh4 5.fxe4 d5 6.exd5 Qxd5 7.Nc3 Qa5 8.
Qd3 a6 9.O-O-O Nc6 10.Nf3 Bg7 11.Kb1 Nb4 12.Qc4 Be6 13.d5 O-O-O 14.e4 Bxc3
15.bxc3 Nxd5 16.exd5 Bxd5 17.Rxd5 Rxd5 18.Bd3 Kb8 19.Re1 e6 20.Qb4 Qxb4+ 
21.cxb4 Rg8 22.Bf1 Rg4 23.c4 Rd6 24.h3 Rf4 25.Kc2 b6 26.Bd3 f6 27.Re4 Rxe4
28.Bxe4 Rd7 29.Kc3 c5 30.bxc5 bxc5 31.Nd2 Kc7 32.Nb3 Kd6 33.Kd3 f5 34.Bf3 
e5 35.Bd5 Rg7 36.Ke2 e4 37.Kf2 Rg3 38.Na5 Ke5 39.Nb3 Rc3 40.Nxc5 Rc2+ 41.
Kf1 Kd4 42.Nb3+ Ke3 43.c5 f4 44.c6 f3 45.gxf3 exf3 46.Ke1 f2+ 47.Kf1 Re2 
48.Bc4 Re1+ 49.Kg2 Rg1+ 50.Kh2 f1=Q 51.Bxf1 Rxf1 52.Nc5 Rc1 53.Nxa6 Rxc6 
54.Nb4 Rd6 55.Kg2 Rd2+ 56.Kg1 Kf3 57.a3 Kg3 58.Kf1 Kxh3 59.Nc6 Ra2 0-1

[Event "12th American Continental"]
[Site "Medellin COL"]
[Date "2017.06.11"]
[Round "2.82"]
[White "Oquendo, Eder"]
[Black "Caceres Vasquez, Sergio"]
[Result "0-1"]
[WhiteElo "1884"]
[BlackElo "2094"]
[EventDate "2017.06.10"]
[PlyCount "104"]

1.d4 Nf6 2.Bf4 d5 3.e3 g6 4.Nf3 Bg7 5.Bd3 O-O 6.h3 c5 7.c3 Nc6 8.Nbd2 Nd7 
9.O-O e5 10.dxe5 Ndxe5 11.Bc2 b6 12.Qe2 a5 13.Rfd1 Ba6 14.Qe1 Nd3 15.Bxd3 
Bxd3 16.Nf1 Ba6 17.Qd2 Ne7 18.Ng3 Bb7 19.a4 Qc8 20.Qc2 Qe6 21.e4 dxe4 22.
Rd6 Qc8 23.Nxe4 Nd5 24.Bg3 Re8 25.Rd1 Nb4 26.cxb4 Bxe4 27.Qc4 Bxf3 28.Rd7 
Rf8 29.gxf3 Bd4 30.Qd5 Qe8 31.bxc5 bxc5 32.Kg2 Rd8 33.Rxd8 Qxd8 34.Qxd8 
Rxd8 35.Bc7 Rd7 36.Bxa5 Ra7 37.b4 Ra6 38.Rxd4 cxd4 39.Kf1 Rc6 40.b5 Rc4 
41.b6 Rxa4 42.Bd2 Ra6 43.Ke2 Rxb6 44.Kd3 Rb5 45.Kxd4 Rh5 46.Ke4 Rxh3 47.f4
f5+ 48.Ke5 Kf7 49.Be3 Rxe3+ 50.fxe3 h5 51.e4 h4 52.exf5 gxf5 0-1

[Event "12th American Continental"]
[Site "Medellin COL"]
[Date "2017.06.11"]
[Round "2.83"]
[White "Lotero Correa, Faiber"]
[Black "Paniagua Davila, Fabio De Jesus"]
[Result "1-0"]
[WhiteElo "2092"]
[BlackElo "1862"]
[EventDate "2017.06.10"]
[PlyCount "141"]

1.e4 e5 2.Nf3 Nc6 3.Bb5 a6 4.Bxc6 dxc6 5.d4 exd4 6.Qxd4 Qxd4 7.Nxd4 Bd7 8.
Bg5 f6 9.Be3 O-O-O 10.Nd2 Ne7 11.O-O-O Ng6 12.f4 Re8 13.Rde1 c5 14.N4f3 
Bc6 15.f5 Ne5 16.Nxe5 Rxe5 17.Bf4 Re8 18.Rhg1 b5 19.g4 h6 20.e5 fxe5 21.
Bxe5 c4 22.Bd4 Rg8 23.Rxe8+ Bxe8 24.Nf3 Bd6 25.Be5 Bf7 26.h4 Bc5 27.Nd4 
Bd5 28.g5 Kd7 29.c3 Bd6 30.Bxd6 cxd6 31.Kd2 Ke7 32.f6+ Kf8 33.Nf5 gxf6 34.
gxh6 Rh8 35.Rg6 Kf7 36.Rg7+ Ke6 37.Nd4+ Ke5 38.Ke3 f5 39.Rg5 Be4 40.Rh5 
Rh7 41.Ne2 d5 42.Nf4 Bc2 43.Nh3 Kf6 44.Nf4 Bd1 45.Rg5 Rxh6 46.Rg1 Bg4 47.
Nxd5+ Ke5 48.Nf4 Kf6 49.Rh1 Ke5 50.Rh2 a5 51.Rd2 Rb6 52.Rd5+ Kf6 53.Rc5 
Rb8 54.Rc6+ Kf7 55.Ng6 Re8+ 56.Kf4 Re2 57.b3 cxb3 58.axb3 Rb2 59.Kg5 Rxb3 
60.h5 Bxh5 61.Kxh5 a4 62.Kg5 a3 63.Kxf5 Rb1 64.Rc7+ Ke8 65.Ke6 Kd8 66.Rd7+
Kc8 67.Ne7+ Kb8 68.Nc6+ Kc8 69.Ra7 Rb3 70.Kd6 Rxc3 71.Rc7# 1-0

[Event "12th American Continental"]
[Site "Medellin COL"]
[Date "2017.06.11"]
[Round "2.84"]
[White "Descarrega Zacarias, Vanessa"]
[Black "Sanchez, Jorge"]
[Result "0-1"]
[WhiteElo "1883"]
[BlackElo "2092"]
[EventDate "2017.06.10"]
[PlyCount "68"]

1.e4 c5 2.Nf3 d6 3.d4 cxd4 4.Nxd4 Nf6 5.Nc3 g6 6.Be2 Bg7 7.Be3 O-O 8.O-O 
Nc6 9.f4 Bd7 10.Qd2 Rc8 11.f5 Ne5 12.h3 a6 13.g4 Rxc3 14.bxc3 Nxe4 15.Qe1 
Qc7 16.g5 Rc8 17.Qh4 Nxc3 18.f6 Nxe2+ 19.Nxe2 Bf8 20.fxe7 Bxe7 21.Nd4 Qd8 
22.Bf4 Be8 23.Rab1 b5 24.Rfc1 Rc4 25.c3 Nd3 26.Rc2 Nxf4 27.Qxf4 Bf8 28.Qg3
Rc5 29.h4 Bg7 30.Re2 Be5 31.Qd3 Qc8 32.Re3 Bd7 33.h5 Qd8 34.Nf3 Rxc3 0-1

[Event "12th American Continental"]
[Site "Medellin COL"]
[Date "2017.06.11"]
[Round "2.85"]
[White "Benavides Montenegro, Maicol"]
[Black "Mora Suarez, Juan Felipe"]
[Result "1-0"]
[WhiteElo "2090"]
[BlackElo "1858"]
[EventDate "2017.06.10"]
[PlyCount "47"]

1.e4 d5 2.exd5 Qxd5 3.Nf3 Nf6 4.d4 Bg4 5.Be2 Nc6 6.Be3 O-O-O 7.c4 Qa5+ 8.
Qd2 Qxd2+ 9.Nbxd2 e6 10.a3 Bf5 11.b4 Ne4 12.Nb3 h6 13.b5 Ne7 14.Ne5 Bg6 
15.Bd3 f5 16.f3 Nd6 17.Nc5 Nf7 18.Nxg6 Nxg6 19.Nxe6 Re8 20.Bxf5 Nd6 21.
Nxg7+ Nxf5 22.Nxf5 Nf4 23.O-O Rg8 24.Bxf4 1-0

[Event "12th American Continental"]
[Site "Medellin COL"]
[Date "2017.06.11"]
[Round "2.86"]
[White "Arosemena, Franklin Alberto"]
[Black "Fuentes Godoy, Lilia Ivonne"]
[Result "0-1"]
[WhiteElo "1881"]
[BlackElo "2088"]
[EventDate "2017.06.10"]
[PlyCount "94"]

1.e4 c5 2.Nf3 Nc6 3.d4 cxd4 4.Nxd4 e5 5.Nb5 a6 6.Nd6+ Bxd6 7.Qxd6 Qe7 8.
Qd1 Nf6 9.Nc3 d6 10.Bg5 Be6 11.Nd5 Bxd5 12.exd5 Nb8 13.c4 Nbd7 14.g3 Rc8 
15.b3 h6 16.Be3 O-O 17.Bg2 Ne8 18.O-O f5 19.f4 e4 20.g4 g6 21.gxf5 gxf5 
22.Rf2 Qh4 23.Rc1 Nef6 24.h3 Kh7 25.Bd4 Nh5 26.Be3 Rg8 27.Kf1 Rg6 28.b4 
Ng3+ 29.Kg1 a5 30.c5 axb4 31.c6 bxc6 32.Rxc6 Rcg8 33.Rc7 R8g7 34.Qd2 Nh5 
35.Bd4 Ndf6 36.Rxg7+ Nxg7 37.Kf1 Nxd5 38.Re2 Nc3 39.Bf2 Qd8 40.Re1 Qa5 41.
Bd4 Ne6 42.Bxc3 bxc3 43.Qxd6 Qxa2 44.Re2 c2 45.Qd7+ Rg7 46.Qd2 Rc7 47.Qc1 
Qa6 0-1

[Event "12th American Continental"]
[Site "Medellin COL"]
[Date "2017.06.11"]
[Round "2.87"]
[White "Castano Grajales, Jhon Edison"]
[Black "Gallardo Rojel, Alejandro"]
[Result "1-0"]
[WhiteElo "2088"]
[BlackElo "1837"]
[EventDate "2017.06.10"]
[PlyCount "97"]

1.d4 Nf6 2.c4 g6 3.Nc3 Bg7 4.e4 O-O 5.Nf3 d6 6.Be2 e5 7.O-O Nc6 8.d5 Ne7 
9.b4 a5 10.Ba3 b6 11.bxa5 Rxa5 12.Bb4 Ra8 13.a4 Ba6 14.a5 bxa5 15.Bxa5 Nd7
16.Bb4 h6 17.Ra3 f5 18.Qa1 Bb7 19.Rb1 Rxa3 20.Qxa3 Bc8 21.Nd2 fxe4 22.
Ndxe4 Nf5 23.c5 dxc5 24.Nxc5 Nxc5 25.Bxc5 Nd6 26.Nb5 Rf6 27.Qa8 Ne4 28.Be3
Rf8 29.Rc1 Qf6 30.Qa7 Rf7 31.Rxc7 Rxc7 32.Qxc7 Ba6 33.Bc4 Bxb5 34.Bxb5 Nd6
35.Bd7 e4 36.h3 Qa1+ 37.Kh2 Nf7 38.g3 Qe5 39.Qc8+ Kh7 40.Be6 Qf6 41.d6 Nd8
42.Bd5 Qxd6 43.Bxe4 Nf7 44.h4 h5 45.Kg2 Qf6 46.Bd5 Bh6 47.Qc2 Bxe3 48.fxe3
Kg7 49.Qc7 1-0

[Event "12th American Continental"]
[Site "Medellin COL"]
[Date "2017.06.11"]
[Round "2.88"]
[White "Ruiz Agudelo, Santiago"]
[Black "Okamura, Milton Kasuo"]
[Result "0-1"]
[WhiteElo "1870"]
[BlackElo "2085"]
[EventDate "2017.06.10"]
[PlyCount "88"]

1.e4 e5 2.Nf3 Nc6 3.Bb5 a6 4.Ba4 Nf6 5.O-O Be7 6.Re1 b5 7.Bb3 d6 8.c3 O-O 
9.h3 Nb8 10.d4 Nbd7 11.Nbd2 Bb7 12.Bc2 Re8 13.Nf1 Bf8 14.Ng3 g6 15.a4 c5 
16.d5 c4 17.b4 cxb3 18.Bxb3 Qc7 19.Bd2 Nc5 20.Bc2 bxa4 21.Bxa4 Nxa4 22.
Rxa4 Nd7 23.Qc2 Nb6 24.Raa1 Nc4 25.Reb1 Reb8 26.Nf1 Bc8 27.Qc1 Rxb1 28.
Rxb1 Nxd2 29.Qxd2 a5 30.Ra1 a4 31.Ne3 Bh6 32.Qd1 Bg7 33.Qd2 h6 34.Qc2 Bd7 
35.c4 Qc5 36.Nd1 Rb8 37.Ra2 Rb3 38.Ne1 f5 39.Nb2 Qb4 40.Ned3 Qc3 41.Qxc3 
Rxc3 42.exf5 gxf5 43.Nb4 a3 44.Na4 Bxa4 0-1

[Event "12th American Continental"]
[Site "Medellin COL"]
[Date "2017.06.11"]
[Round "2.89"]
[White "Gonzalez Rodriguez, Eleicer"]
[Black "Viveros Torres, Erica Johana"]
[Result "1-0"]
[WhiteElo "2078"]
[BlackElo "1828"]
[EventDate "2017.06.10"]
[PlyCount "83"]

1.e4 c5 2.Nf3 d6 3.d4 cxd4 4.Nxd4 Nf6 5.Bd3 Nc6 6.Nxc6 bxc6 7.O-O g6 8.c4 
Bg7 9.Nc3 O-O 10.h3 d5 11.e5 Nd7 12.f4 Nc5 13.cxd5 cxd5 14.b4 Nxd3 15.Qxd3
e6 16.Be3 f5 17.Na4 g5 18.Nc5 a5 19.b5 gxf4 20.Bxf4 Qb6 21.Rac1 a4 22.Kh2 
Rb8 23.Qg3 Kh8 24.Nxa4 Qa5 25.Nc3 Bd7 26.Nxd5 Bxb5 27.Nf6 Bxf6 28.exf6 Rg8
29.Bxb8 Rxg3 30.Rc8+ Rg8 31.f7 Be8 32.Rxe8 Rf8 33.Bd6 Kg7 34.Rxf8 Qd5 35.
Ba3 Qe5+ 36.Kh1 Qe2 37.Rf3 h5 38.Rg8+ Kxf7 39.Rf8+ Kg6 40.Rg3+ Kh7 41.Rf7+
Kh8 42.Be7 1-0

[Event "12th American Continental"]
[Site "Medellin COL"]
[Date "2017.06.11"]
[Round "2.90"]
[White "Morera Campos, Hazel Maria"]
[Black "Alvarez Zuluaga, Alvaro"]
[Result "1-0"]
[WhiteElo "1859"]
[BlackElo "2077"]
[EventDate "2017.06.10"]
[PlyCount "79"]

1.e4 c5 2.Nc3 e6 3.g3 a6 4.Bg2 b5 5.d3 Bb7 6.a3 Nf6 7.Nh3 d6 8.O-O Nbd7 9.
f4 Qc7 10.Be3 e5 11.Nf2 Be7 12.Rc1 Bc6 13.Ng4 a5 14.fxe5 Nxe5 15.Nxe5 dxe5
16.Nd5 Bxd5 17.exd5 Rd8 18.c4 O-O 19.b3 b4 20.axb4 axb4 21.Ra1 Qb6 22.Ra4 
Nd7 23.Qh5 g6 24.Qf3 f5 25.Rfa1 f4 26.Bf2 fxg3 27.Qxg3 Qf6 28.Ra6 Qg7 29.
Be4 Rf6 30.Be3 Rdf8 31.Ra7 Qf7 32.Qh3 Nb6 33.Bg5 Nc8 34.Rc7 Nd6 35.Bxf6 
Qxf6 36.Qe6+ Qxe6 37.dxe6 Bg5 38.Raa7 Be3+ 39.Kg2 Ne8 40.Rf7 1-0

[Event "12th American Continental"]
[Site "Medellin COL"]
[Date "2017.06.11"]
[Round "2.91"]
[White "Renteria, Rolando"]
[Black "Florez Castro, Estiven"]
[Result "0-1"]
[WhiteElo "2077"]
[BlackElo "1820"]
[EventDate "2017.06.10"]
[PlyCount "80"]

1.Nf3 c5 2.g3 Nc6 3.Bg2 g6 4.O-O Bg7 5.e4 d6 6.c3 e5 7.Na3 Nge7 8.Nc2 Bg4 
9.h3 Bxf3 10.Qxf3 O-O 11.Ne3 Qd7 12.g4 Nd8 13.d3 Ne6 14.Nc2 Rac8 15.Rd1 
Rfd8 16.c4 Qa4 17.b3 Qd7 18.h4 Nc6 19.Be3 Rf8 20.Bh3 Qe7 21.Qg3 Nf4 22.Bf1
Nd8 23.Rd2 Nde6 24.Re1 Bf6 25.g5 Bg7 26.Bxf4 exf4 27.Qf3 Bc3 28.Rdd1 Bxe1 
29.Rxe1 f6 30.e5 dxe5 31.Bh3 Rcd8 32.gxf6 Qxf6 33.Qe4 Ng7 34.Qxe5 Qxh4 35.
Be6+ Kh8 36.d4 Rde8 37.d5 Rf5 38.Qe4 Nxe6 39.dxe6 Rg5+ 40.Kf1 Qh3+ 0-1

[Event "12th American Continental"]
[Site "Medellin COL"]
[Date "2017.06.11"]
[Round "2.92"]
[White "Castaneda, Victor"]
[Black "Soto Gonzalez, Miguel Angel"]
[Result "0-1"]
[WhiteElo "1857"]
[BlackElo "2072"]
[EventDate "2017.06.10"]
[PlyCount "92"]

1.c4 Nf6 2.g3 g6 3.Bg2 Bg7 4.Nc3 O-O 5.Nf3 d6 6.O-O Nc6 7.d3 e5 8.e4 Bg4 
9.h3 Bxf3 10.Bxf3 Nd7 11.Bg2 Nc5 12.Rb1 a5 13.Be3 Ne6 14.Qd2 Rb8 15.Nb5 b6
16.f4 exf4 17.gxf4 Ned4 18.Nxd4 Nxd4 19.Qf2 c5 20.f5 Qf6 21.Bxd4 Qxd4 22.
Qxd4 Bxd4+ 23.Kh1 b5 24.b3 a4 25.cxb5 Rxb5 26.fxg6 hxg6 27.e5 axb3 28.Rxb3
Rxb3 29.axb3 Bxe5 30.Bd5 Kg7 31.Rb1 Rb8 32.Kg2 Rb6 33.Kf3 f5 34.Ke3 Kf6 
35.Bc4 Rb7 36.Bd5 Rh7 37.Bg2 Bc3 38.Rc1 Re7+ 39.Kf2 Bd4+ 40.Kf1 Re3 41.Rd1
f4 42.h4 Rg3 43.Bd5 f3 44.Bxf3 Rxf3+ 45.Kg2 Re3 46.Rb1 Rxd3 0-1

[Event "12th American Continental"]
[Site "Medellin COL"]
[Date "2017.06.11"]
[Round "2.93"]
[White "Cueto, Jose"]
[Black "Cox, Douglas"]
[Result "1-0"]
[WhiteElo "2071"]
[BlackElo "1795"]
[EventDate "2017.06.10"]
[PlyCount "57"]

1.e4 c5 2.Ne2 e6 3.d4 cxd4 4.Nxd4 Nc6 5.c4 a6 6.Nc3 Nf6 7.Nxc6 bxc6 8.e5 
Ng8 9.Bd3 Ne7 10.O-O d5 11.exd6 Qxd6 12.Be3 Qc7 13.Qh5 g6 14.Qh4 Nf5 15.
Bxf5 gxf5 16.Bd4 Be7 17.Qh6 Rf8 18.Bg7 Bd7 19.Bxf8 Bxf8 20.Qxh7 O-O-O 21.
Qxf7 Bd6 22.h3 c5 23.Rad1 Bh2+ 24.Kh1 Be5 25.Rd3 Rh8 26.Rfd1 Bd4 27.Ne2 e5
28.Nxd4 exd4 29.Qf6 1-0

[Event "12th American Continental"]
[Site "Medellin COL"]
[Date "2017.06.11"]
[Round "2.94"]
[White "Ramirez Gonzalez, Maria Jose"]
[Black "Dominguez Rincon, Miller"]
[Result "0-1"]
[WhiteElo "1824"]
[BlackElo "2066"]
[EventDate "2017.06.10"]
[PlyCount "76"]

1.d4 Nf6 2.Bf4 d5 3.e3 e6 4.Nf3 c5 5.c3 Bd6 6.Bg3 Nc6 7.Nbd2 O-O 8.Bd3 Qe7
9.O-O e5 10.dxe5 Nxe5 11.Nxe5 Bxe5 12.Bxe5 Qxe5 13.Re1 Ne4 14.c4 Nxd2 15.
Qxd2 dxc4 16.Bxc4 Bg4 17.Qd5 Qxd5 18.Bxd5 Rfd8 19.e4 Rd7 20.f3 Be6 21.Bxe6
fxe6 22.Rad1 Rad8 23.Rxd7 Rxd7 24.Kf2 Rd2+ 25.Re2 Rxe2+ 26.Kxe2 g5 27.Kd3 
b5 28.f4 gxf4 29.e5 f3 30.gxf3 Kf7 31.Ke4 Kg6 32.f4 c4 33.h4 h5 34.a4 bxa4
35.Kd4 Kf5 36.Kxc4 Kxf4 37.Kb4 Kxe5 38.Kxa4 Kf4 0-1

[Event "12th American Continental"]
[Site "Medellin COL"]
[Date "2017.06.11"]
[Round "2.95"]
[White "Gutierrez Hernandez, Jorge Alejandro"]
[Black "Vallejo, Humberto"]
[Result "0-1"]
[WhiteElo "1817"]
[BlackElo "2059"]
[EventDate "2017.06.10"]
[PlyCount "89"]

1.d4 Nf6 2.c4 g6 3.Nc3 Bg7 4.e4 O-O 5.f3 c5 6.d5 e6 7.Be3 exd5 8.cxd5 d6 
9.Qd2 Re8 10.O-O-O a6 11.g4 b5 12.h4 Qa5 13.Kb1 b4 14.Nce2 Nbd7 15.h5 Ne5 
16.Ng3 c4 17.hxg6 c3 18.gxf7+ Nxf7 19.Qh2 cxb2 20.Bc4 h6 21.Bd4 Ne5 22.Bb3
Qb5 23.Qxb2 a5 24.Bxe5 Rxe5 25.Qe2 Qe8 26.Nh3 a4 27.Bc4 b3 28.a3 Bxg4 29.
Nf2 Bd7 30.f4 Re7 31.Rde1 Rc8 32.Rhg1 Qf7 33.Qd3 Ne8 34.Re2 Qxf4 35.Nh5 
Qh2 36.Rxg7+ Nxg7 37.Nf6+ Kh8 38.Nxd7 Rxd7 39.Nd1 Qg1 40.Rd2 Rdc7 41.Ba6 
Rc1+ 42.Kb2 R1c2+ 43.Rxc2 Rxc2+ 44.Kb1 Qc5 45.Ne3 0-1